Elements of the theory of functions and functional analysis
Uloženo v:
| Hlavní autor: | |
|---|---|
| Médium: | Kniha |
| Jazyk: | angličtina |
| Vydáno: |
Nueva York
Dover
1999
|
| Vydání: | 1a. ed |
| Edice: | Dover Books on Mathematics
|
| Témata: | |
| Tagy: |
Přidat tag
Žádné tagy, Buďte první, kdo vytvoří štítek k tomuto záznamu!
|
MARC
| LEADER | 00000nam a2200000 a 4500 | ||
|---|---|---|---|
| 001 | UCK2253 | ||
| 003 | CL-VaPUC | ||
| 008 | 041229e19990000US |||||||||||||||||eng|d | ||
| 020 | |a 0486406830 | ||
| 082 | 0 | 4 | |a 515.7 |b KOL |2 21 |
| 100 | |a Kolmogórov, Andréi Nikolaevich |e author |9 564643 | ||
| 245 | 1 | 0 | |a Elements of the theory of functions and functional analysis |
| 250 | |a 1a. ed | ||
| 300 | |a 128 p | ||
| 942 | |c BK | ||
| 945 | |d 20041229 00:00:00 |a vberengu | ||
| 260 | |a Nueva York |b Dover |c 1999 | ||
| 650 | 0 | |a Análisis funcional |9 269993 | |
| 650 | 0 | |a Funciones analíticas |9 270036 | |
| 650 | 0 | |a Teoría de funciones |9 374177 | |
| 583 | |a last modification |c 20041229 00:00:00 |k Rodrigo Vera | ||
| 490 | 0 | |a Dover Books on Mathematics | |
| 999 | |c 311842 |d 311840 | ||
| 952 | |0 0 |1 0 |4 0 |6 515_700000000000000_KOL_1999 |7 0 |8 A |9 381517 |a BIBMAT |b BIBMAT |d 2019-11-21 |i 4090489 |o 515.7 KOL 1999 |p 4090489 |r 2025-01-07 |w 2019-11-21 |y BK |k MAT | ||